| 000 | 00540nam a2200145Ia 4500 | ||
|---|---|---|---|
| 005 | 20260209120127.0 | ||
| 008 | 260209s9999||||xx |||||||||||||| ||und|| | ||
| 100 | _aGargi | ||
| 245 | 0 | _aSecuritization foreign direct investment in asset reconstruction companies | |
| 260 |
_aBangaloreBangalore _bNLSIU _c2010 |
||
| 300 | _a98 p. ; 25 cm. | ||
| 650 | _aCompanies Act Foreign Direct Investment Securitization | ||
| 700 | _aProf. (Dr.) N L Mitra - GuideProf. (Dr.) N L Mitra - Guide | ||
| 856 | _uhttps://dans.nls.ac.in/handle/123456789/1968 | ||
| 999 |
_c216918 _d216918 |
||